000 00607nam a2200217Ia 4500
003 BUBTL
008 151213s9999 xx 000 0 und d
020 _a0710069758
082 _a415/ F8292t/ 1971
100 _aFowler, Roger
_94650
245 _aAn Introduction to Transformational Syntax :
_cRoger Fowler
250 _a1st
260 _aLondon
_bRoutledge & kegan Paul
_cc1971
300 _a178p. :
_b21 cm
500 _aIncludes Index
650 _aEnglish Language
_9194
700 _aRoger Fowler
_94651
856 _k0
_l0
_yDownload
942 _2ddc
_cBK
999 _c3036
_d3036